Questions-réponses sur Les Saintes-Maries-de-la-Mer - Statistiques

Statistiques générales
  • Ce quiz a été pris 67 fois
  • Le résultat moyen est 10 sur 16
Statistiques - réponses
Questions Réponses % Correct
Mer qui borde les Saintes-Maries La Méditerranée
93%
Région naturelle au cœur de laquelle se trouve Les Saintes-Maries. Région dont elle est la capitale officieuse. La Camargue
90%
Les Saintes-Maries-de-la-Mer est la troisième plus grande commune de France métropolitaine par sa superficie. La première est une commune voisine et la deuxième se trouve dans les Alpes. Citez ces deux plus grandes. Arles
85%
Ancienne province de France dans laquelle se situait Les Saintes-Maries-de-la-Mer en 1789 La Provence
83%
Les trois saintes Maries, amies du Christ et témoins de Sa résurrection, qui selon une légende de l'époque carolingienne auraient débarqué dans la région après avoir été chassées d'Orient par les Juifs déicides, donnant ainsi son nom à la ville. Marie Madeleine
81%
Artiste-peintre néerlandais qui vécut aux Saintes-Maries en 1888. Le village lui a inspiré 24 œuvres en tout. Vincent Van Gogh
80%
Troupeau de bovins ou de chevaux élevés en semi-liberté, notamment dans la région où se trouve Les Saintes-Maries. La manade
78%
Style d'architecture de l'église des Saintes-Maries classée monument historique depuis 1840. Roman
75%
Général cinq étoiles connu comme le coorganisateur du putsch des généraux à Alger en 1961 s'opposant au "gouvernement d'abandon" de De Gaulle, général qui repose aux Saintes-Maries où il passa les dernières années de sa vie. Maurice Challe
68%
Lâcher de taureaux dans les rues d'un village dans le sud de la France. Un célèbre festival de ce type à lieu aux Saintes-Maries le 11 novembre. L'abrivado
66%
Protagoniste de ce spectacle qui affronte le taureau en essayant de décrocher les attributs sur le frontal ou sur les cornes de celui-ci. Le raseteur
49%
Spectacle taurin typique de la région, régulièrement organisé dans les arènes des Saintes-Maries, spectacle bien distinct de la corrida espagnole, notamment du fait qu'il n'y ait pas de mise à mort. La course camarguaise
47%
Les trois saintes Maries, amies du Christ et témoins de Sa résurrection, qui selon une légende de l'époque carolingienne auraient débarqué dans la région après avoir été chassées d'Orient par les Juifs déicides, donnant ainsi son nom à la ville. Marie Jacobé
44%
Les trois saintes Maries, amies du Christ et témoins de Sa résurrection, qui selon une légende de l'époque carolingienne auraient débarqué dans la région après avoir été chassées d'Orient par les Juifs déicides, donnant ainsi son nom à la ville. Marie Salomé
44%
Baron d'origine florentine qui s'installa aux Saintes-Maries au début du XXe siècle, conduisit un troupeau (réponse précédente) et s'efforça de préserver l'environnement, les costumes traditionnels, la langue occitane et de codifier les traditions et les rites locaux pour donner à cette région son identité propre. Folco de Baroncelli
37%
Les Saintes-Maries-de-la-Mer est la troisième plus grande commune de France métropolitaine par sa superficie. La première est une commune voisine et la deuxième se trouve dans les Alpes. Citez ces deux communes plus grandes. Val-Cenis
29%
Aucun quiz correspondant
Distribution des résultats
% des personnes avec chaque résultat
Percentile par nombre de réponses
Votre historique - résultats
Vous n’avez pas pris ce quiz